[Event "XIII Konik Morski Rewala - Open B"]
[Site "Rewal"]
[Date "2008.08.26"]
[Round "6"]
[White "Czernicki, Bogdan"]
[Black "Markiewicz, Mateusz"]
[Result "1-0"]
[WhiteElo "2032"]
[BlackElo "2013"]
[PlyCount "61"]
[EventDate "2008.??.??"]

1. d4 f5 2. Nc3 Nf6 3. Bg5 g6 4. e3 d5 5. f4 Bg7 6. Nf3 O-O 7. Be2 b6 8. a4 Ne4
9. O-O Bb7 10. Nxe4 fxe4 11. Ne5 Bf6 12. Bh6 Bg7 13. Bxg7 Kxg7 14. a5 c5 15.
axb6 axb6 16. Rxa8 Bxa8 17. Qa1 Nc6 18. Nxc6 Bxc6 19. dxc5 bxc5 20. b4+ Kg8 21.
bxc5 Qc7 22. Qd4 Ra8 23. c4 e6 24. cxd5 exd5 25. f5 Ra4 26. Qf6 g5 27. Qxg5+
Qg7 28. Qd8+ Qf8 29. Qg5+ Qg7 30. Qh4 Ra2 31. f6 1-0

[Event "XIII Konik Morski Rewala - Open B"]
[Site "Rewal"]
[Date "2008.08.26"]
[Round "6"]
[White "Sokolowski, Krzysztof"]
[Black "Liberadzki, Slawomir"]
[Result "0-1"]
[WhiteElo "2021"]
[BlackElo "1969"]
[PlyCount "94"]
[EventDate "2008.??.??"]

1. e4 c5 2. Nf3 e6 3. d4 cxd4 4. Nxd4 Nc6 5. Nxc6 bxc6 6. c4 Nf6 7. Bd3 d5 8.
cxd5 cxd5 9. e5 Nd7 10. Qe2 Qc7 11. Bf4 Bb4+ 12. Nd2 Nc5 13. Bb5+ Bd7 14. O-O
O-O 15. Bxd7 Nxd7 16. Rac1 Qb6 17. Nf3 Rfc8 18. Rc2 Rxc2 19. Qxc2 a5 20. Ng5
Nf8 21. Rc1 Ng6 22. Bg3 h6 23. Nf3 Rb8 24. Qa4 Be7 25. b3 Qb4 26. Qd7 a4 27.
bxa4 Ra8 28. h4 Bxh4 29. Nxh4 Nxh4 30. Rc8+ Rxc8 31. Qxc8+ Kh7 32. Qd7 Nf5 33.
Qxf7 Nxg3 34. fxg3 Qe1+ 35. Qf1 Qxe5 36. Qd3+ Kh8 37. Kf1 Qa1+ 38. Kf2 Qxa2+
39. Qe2 Qxa4 40. Qxe6 Qd4+ 41. Kf3 Qd3+ 42. Qe3 Qf1+ 43. Kg4 Qxg2 44. Qe8+ Kh7
45. Qd7 Qe4+ 46. Kh3 d4 47. Qf7 d3 0-1

[Event "XIII Konik Morski Rewala - Open B"]
[Site "Rewal"]
[Date "2008.08.26"]
[Round "6"]
[White "Gluszko, Monika"]
[Black "Glatty, Zbigniew"]
[Result "1-0"]
[WhiteElo "1848"]
[BlackElo "1903"]
[PlyCount "91"]
[EventDate "2008.??.??"]

1. e4 e5 2. Nf3 Nc6 3. Bc4 Bc5 4. d3 d6 5. Ng5 Nh6 6. c3 Qf6 7. O-O O-O 8. h3
Qg6 9. b4 Bb6 10. Na3 Kh8 11. Kh2 Bd7 12. Nc2 f5 13. Qe2 f4 14. Nf3 Qf6 15. Bb2
g5 16. g4 Kg7 17. d4 Nf7 18. Rg1 Rg8 19. Rad1 Rad8 20. Bxf7 Kxf7 21. c4 exd4
22. Ncxd4 Bxd4 23. Nxd4 Ne5 24. Nf5 h5 25. gxh5 Bxf5 26. exf5 Qxf5 27. Bxe5
dxe5 28. c5 Kf6 29. Rxd8 Rxd8 30. Rd1 f3 31. Qf1 Qf4+ 32. Kh1 Rd2 33. Rxd2 Qxd2
34. a3 Kg7 35. Qg1 Kh6 36. Qg3 Qe2 37. Kh2 e4 38. h4 Qd2 39. hxg5+ Qxg5 40.
Qxg5+ Kxg5 41. Kg3 Kxh5 42. Kf4 c6 43. Kxe4 Kg4 44. a4 b6 45. cxb6 axb6 46. a5
1-0

[Event "XIII Konik Morski Rewala - Open B"]
[Site "Rewal"]
[Date "2008.08.26"]
[Round "6"]
[White "Skwarnicki, Adam"]
[Black "Rosiak, Agata"]
[Result "1-0"]
[WhiteElo "2053"]
[BlackElo "1840"]
[PlyCount "85"]
[EventDate "2008.??.??"]

1. d4 Nf6 2. Nf3 g6 3. c4 Bg7 4. g3 d6 5. Bg2 O-O 6. O-O Nbd7 7. Nc3 c5 8. e4
cxd4 9. Nxd4 Rb8 10. h3 a6 11. a4 a5 12. Be3 Nc5 13. Qe2 Qd7 14. Rfd1 Qe8 15.
f4 Ne6 16. Ndb5 Nd7 17. f5 Nec5 18. Nd5 Be5 19. Kh2 Kg7 20. Bg5 Nf6 21. Nxf6
exf6 22. Be3 Qe7 23. Ra3 b6 24. Qd2 Bb7 25. Bh6+ Kg8 26. Bxf8 Kxf8 27. Nxd6 Rd8
28. Qh6+ Kg8 29. Nxf7 Rxd1 30. fxg6 hxg6 31. Qxg6+ Kf8 32. Qh6+ Ke8 33. Qh5
Bxb2 34. Ne5+ Kd8 35. Qxd1+ Kc7 36. Ng6 Qf7 37. Ra2 Bc3 38. Qf3 Qxg6 39. Qxc3
Bxe4 40. Bxe4 Nxe4 41. Qd3 f5 42. Re2 Qe8 43. Qd4 1-0

[Event "XIII Konik Morski Rewala - Open B"]
[Site "Rewal"]
[Date "2008.08.26"]
[Round "6"]
[White "Poswiatowski, Michal"]
[Black "Giemza, Joanna"]
[Result "1/2-1/2"]
[WhiteElo "1775"]
[BlackElo "2024"]
[PlyCount "100"]
[EventDate "2008.??.??"]

1. e4 e6 2. d4 d5 3. Nc3 Bb4 4. e5 c5 5. Bd2 Ne7 6. Nb5 Bxd2+ 7. Qxd2 O-O 8. f4
Nf5 9. dxc5 Nd7 10. Nd6 Nxc5 11. Nxf5 exf5 12. Bd3 Qb6 13. O-O-O Be6 14. Nf3
Ne4 15. Bxe4 dxe4 16. Nh4 f6 17. exf6 Rxf6 18. a3 Rc8 19. Kb1 Rff8 20. Qd4 Qc7
21. c3 Qxf4 22. g3 Qc7 23. Ng2 Qa5 24. Nf4 Rc4 25. Qd6 Rc6 26. Qe7 Bf7 27. Rd7
Qc5 28. Qxc5 Rxc5 29. Rxb7 g5 30. Ne2 a5 31. Nd4 Bd5 32. Re7 h6 33. Rf1 f4 34.
gxf4 Rxf4 35. Re1 Rf2 36. Rd7 Bc4 37. Ka1 Bd3 38. Ne6 Rb5 39. b4 axb4 40. cxb4
Rxh2 41. Rc1 Rc2 42. Rxc2 Bxc2 43. Nc7 Bd3 44. Nxb5 Bxb5 45. Re7 Bd3 46. b5
Bxb5 47. Rxe4 Kf7 48. Kb2 Kg6 49. Kc3 Kf5 50. Rb4 Bf1 1/2-1/2

[Event "XIII Konik Morski Rewala - Open B"]
[Site "Rewal"]
[Date "2008.08.26"]
[Round "6"]
[White "Wojtaszewski, Piotr"]
[Black "Galaszewski, Patryk"]
[Result "1-0"]
[WhiteElo "1998"]
[BlackElo "1755"]
[PlyCount "39"]
[EventDate "2008.??.??"]

1. e4 g6 2. d4 d6 3. Nc3 c6 4. Be3 Bg7 5. Qd2 b5 6. O-O-O a5 7. Kb1 a4 8. f3
Qc7 9. g4 Nd7 10. Nce2 c5 11. Nc3 b4 12. Nd5 Qc6 13. Bb5 Qb7 14. dxc5 dxc5 15.
Bxc5 Ra5 16. Qxb4 Rxb5 17. Qxb5 Qxb5 18. Nc7+ Kf8 19. Nxb5 Nxc5 20. Rd8# 1-0

[Event "XIII Konik Morski Rewala - Open B"]
[Site "Rewal"]
[Date "2008.08.26"]
[Round "6"]
[White "Botor, Michal"]
[Black "Delekta, Anna"]
[Result "1-0"]
[WhiteElo "1948"]
[BlackElo "1706"]
[PlyCount "53"]
[EventDate "2008.??.??"]

1. e4 c5 2. Nf3 Nc6 3. d4 cxd4 4. Nxd4 Nf6 5. Nc3 d6 6. Be2 g6 7. Be3 Bd7 8.
Qd2 Bg7 9. O-O-O a6 10. f3 b5 11. g4 h5 12. gxh5 Nxh5 13. f4 Nf6 14. Bf3 Ng4
15. Nxc6 Bxc6 16. Bxg4 b4 17. Nd5 Rb8 18. Bd4 f6 19. Be6 a5 20. Qg2 Kf8 21.
Qxg6 Be8 22. Qg3 Bf7 23. Rhg1 Rg8 24. Bxf7 Kxf7 25. Qg6+ Kf8 26. f5 a4 27. Nf4
1-0

[Event "XIII Konik Morski Rewala - Open B"]
[Site "Rewal"]
[Date "2008.08.26"]
[Round "6"]
[White "Misztal, Piotr"]
[Black "Borowiak, Aleksander"]
[Result "1/2-1/2"]
[WhiteElo "1806"]
[BlackElo "1885"]
[PlyCount "65"]
[EventDate "2008.??.??"]

1. e4 e6 2. d4 d5 3. Nc3 dxe4 4. Nxe4 Bd7 5. Nf3 Bc6 6. Bd3 Nd7 7. Bf4 Ngf6 8.
Qe2 Be7 9. c3 Nxe4 10. Bxe4 Bxe4 11. Qxe4 c6 12. O-O O-O 13. Bg3 Nf6 14. Qe2
Rc8 15. Rad1 Re8 16. Ne5 Nd7 17. Rfe1 Nxe5 18. Bxe5 Bf6 19. Rd3 Qe7 20. Qg4
Bxe5 21. Rxe5 Rcd8 22. Rh3 Rd5 23. Rg3 Qf6 24. Rge3 Red8 25. Rxd5 Rxd5 26. Qg3
Qd8 27. Re5 h6 28. Rxd5 exd5 29. Qe5 Kf8 30. Kf1 Qb6 31. Qd6+ Ke8 32. Qe5+ Kf8
33. Qd6+ 1/2-1/2

[Event "XIII Konik Morski Rewala - Open B"]
[Site "Rewal"]
[Date "2008.08.26"]
[Round "6"]
[White "Biszof, Henryk"]
[Black "Gasiorek, Dariusz"]
[Result "0-1"]
[WhiteElo "1728"]
[BlackElo "1876"]
[PlyCount "142"]
[EventDate "2008.??.??"]

1. e4 c6 2. d4 d5 3. Nc3 dxe4 4. Nxe4 Bf5 5. Ng3 Bg6 6. Nf3 Nd7 7. Bd3 Bxd3 8.
Qxd3 Qc7 9. O-O Ngf6 10. c4 e6 11. Re1 Be7 12. Bg5 h6 13. Bd2 O-O 14. h3 Rad8
15. Qc2 Bd6 16. Ne2 c5 17. Rac1 Rfe8 18. dxc5 Nxc5 19. b4 Nce4 20. c5 Nxd2 21.
Nxd2 Be7 22. Nf3 Rd7 23. Nc3 Red8 24. a3 Qf4 25. Ne2 Qe4 26. Qb3 Rd3 27. Qa2
Qd5 28. Qa1 Qb3 29. Nf4 Rxf3 30. gxf3 Qxf3 31. Ng2 Rd2 32. Rf1 Ne4 33. Ne1 Qxh3
34. Qe5 Qg4+ 35. Ng2 Bh4 36. Qf4 Qxf4 37. Nxf4 Bxf2+ 38. Kg2 Bxc5+ 39. Kf3 Ng5+
40. Kg3 Bb6 41. Rc8+ Kh7 42. Rc4 Ra2 43. a4 Rxa4 44. Kg2 Ra2+ 45. Kg3 Rd2 46.
b5 e5 47. Nh5 Kg6 48. Kh4 Rh2+ 49. Kg4 Rxh5 50. Re1 f5+ 51. Kg3 Rh3+ 52. Kg2 e4
53. Rd1 Rd3 54. Rf1 Kf6 55. Rc8 e3 56. Rf8+ Nf7 57. Re1 f4 58. Kf3 g5 59. Re8
Ne5+ 60. Kg2 f3+ 61. Kf1 e2+ 62. Rxe2 fxe2+ 63. Kxe2 Re3+ 64. Kf1 g4 65. Rf8+
Kg5 66. Rg8+ Kh4 67. Rg7 g3 68. Rg8 Rf3+ 69. Ke2 Rf2+ 70. Kd1 g2 71. Ke1 Ng4
0-1

[Event "XIII Konik Morski Rewala - Open B"]
[Site "Rewal"]
[Date "2008.08.26"]
[Round "6"]
[White "Ni, Polina"]
[Black "Sieliwonik, Katarzyna"]
[Result "1-0"]
[WhiteElo "1925"]
[BlackElo "1676"]
[PlyCount "37"]
[EventDate "2008.??.??"]

1. e4 c5 2. Nf3 Nc6 3. d4 cxd4 4. Nxd4 g6 5. Nc3 Bg7 6. Be3 Nf6 7. Bc4 Qa5 8.
f3 O-O 9. Qd2 d6 10. O-O-O a6 11. g4 Ne5 12. Bb3 b5 13. Bh6 b4 14. Nce2 Qc5 15.
Bxg7 Kxg7 16. h4 a5 17. h5 a4 18. hxg6 fxg6 19. Qh6+ 1-0

[Event "XIII Konik Morski Rewala - Open B"]
[Site "Rewal"]
[Date "2008.08.26"]
[Round "6"]
[White "Adamus, Filip"]
[Black "Witek, Pawel"]
[Result "1/2-1/2"]
[WhiteElo "1716"]
[BlackElo "1998"]
[PlyCount "24"]
[EventDate "2008.??.??"]

1. d4 d6 2. c4 g6 3. Nf3 Bg7 4. Nc3 Nd7 5. e4 b6 6. Be2 Bb7 7. Be3 e6 8. O-O
Ne7 9. Qc2 h6 10. Rad1 a6 11. Rfe1 O-O 12. h3 g5 1/2-1/2

[Event "XIII Konik Morski Rewala - Open B"]
[Site "Rewal"]
[Date "2008.08.26"]
[Round "6"]
[White "Gora, Jan"]
[Black "Piotrowski, Arkadiusz"]
[Result "1/2-1/2"]
[WhiteElo "1678"]
[BlackElo "1955"]
[PlyCount "115"]
[EventDate "2008.??.??"]

1. e4 c6 2. d4 d5 3. exd5 cxd5 4. c4 Nf6 5. Nc3 Nc6 6. Nf3 e6 7. Be3 Bd6 8. c5
Bc7 9. a3 a5 10. Bg5 O-O 11. Nb5 Bb8 12. Bd3 h6 13. Bh4 e5 14. dxe5 Nxe5 15.
Nxe5 Bxe5 16. Qc2 Bd7 17. O-O Qb8 18. f4 Bxf4 19. Bxf6 gxf6 20. Qf2 Bxh2+ 21.
Kh1 Qg3 22. Qxg3+ Bxg3 23. Rxf6 Kg7 24. Raf1 Rae8 25. Nd6 Re3 26. Bg6 Be6 27.
Bxf7 Bxf7 28. Rxf7+ Rxf7 29. Rxf7+ Kg6 30. Rf1 Bxd6 31. cxd6 Re6 32. Rf3 Rxd6
33. Kg1 d4 34. Rf2 d3 35. Rf1 Kg5 36. g3 d2 37. Rd1 Kg4 38. Kg2 h5 39. Kf2 b5
40. Kg2 b4 41. a4 b3 42. Kf2 Rd5 43. Kg2 Rc5 44. Rxd2 Rc2 45. Rf2 h4 46. gxh4
Kxh4 47. Kf3 Kg5 48. Re2 Kf5 49. Ke3 Rc4 50. Kd3 Rc8 51. Kd4 Rc2 52. Kd3 Rc1
53. Rh2 Ke6 54. Rh6+ Kd7 55. Rg6 Ra1 56. Rb6 Rxa4 57. Rxb3 Kc6 58. Ra3 1/2-1/2

[Event "XIII Konik Morski Rewala - Open B"]
[Site "Rewal"]
[Date "2008.08.26"]
[Round "6"]
[White "Ryszkiewicz, Anna"]
[Black "Zanin, Dario"]
[Result "0-1"]
[WhiteElo "1719"]
[BlackElo "2000"]
[PlyCount "70"]
[EventDate "2008.??.??"]

1. e4 e5 2. Nf3 Nc6 3. Bc4 Bc5 4. O-O d6 5. d3 Bg4 6. c3 Qf6 7. Nbd2 Nge7 8. h3
h5 9. b4 Bb6 10. a4 a5 11. Qb3 axb4 12. cxb4 Nd4 13. Nxd4 Bxd4 14. Bb2 Be2 15.
Bxd4 Bxf1 16. Be3 Bxg2 17. Kxg2 g5 18. Rh1 Rg8 19. b5 Ng6 20. Kf1 Nf4 21. Bxf4
gxf4 22. Nf3 Ke7 23. h4 Rg4 24. Ng5 Rxh4 25. Rxh4 Qxg5 26. Rh1 f3 27. Qc2 Qg2+
28. Ke1 Qxh1+ 29. Kd2 Qf1 30. Ke3 Qe2+ 31. Qxe2 fxe2 32. Kxe2 Rxa4 33. Kf3 Rxc4
34. dxc4 Kf6 35. Kg3 Kg5 0-1

[Event "XIII Konik Morski Rewala - Open B"]
[Site "Rewal"]
[Date "2008.08.26"]
[Round "6"]
[White "Kuciapa, Andre"]
[Black "Grochocinska, Urszula"]
[Result "0-1"]
[WhiteElo "1887"]
[BlackElo "1665"]
[PlyCount "50"]
[EventDate "2008.??.??"]

1. e4 e5 2. Nf3 Nc6 3. Nc3 Nf6 4. d4 exd4 5. Nxd4 Bb4 6. Nxc6 bxc6 7. Bd3 d5 8.
exd5 cxd5 9. O-O O-O 10. a3 Bd6 11. h3 d4 12. Ne4 Nxe4 13. Bxe4 Rb8 14. Qd3 h6
15. c3 dxc3 16. Qxc3 Re8 17. Qf3 Be6 18. b4 Be5 19. Be3 Bxa1 20. Rxa1 Rb5 21.
Bxa7 Bd5 22. Qd3 Rxe4 23. Qxb5 Qg5 24. Be3 Rxe3 25. fxe3 Qxg2# 0-1

[Event "XIII Konik Morski Rewala - Open B"]
[Site "Rewal"]
[Date "2008.08.26"]
[Round "6"]
[White "Wasik, Jozef"]
[Black "Murawko, Katarzyna"]
[Result "1-0"]
[WhiteElo "1881"]
[BlackElo "1622"]
[PlyCount "171"]
[EventDate "2008.??.??"]

1. d4 Nf6 2. Nf3 g6 3. Bg5 Bg7 4. Nbd2 d6 5. e4 a6 6. a4 O-O 7. h3 Nc6 8. c3
Na7 9. Bd3 c5 10. d5 e6 11. c4 Qb6 12. Qc2 Nd7 13. Rb1 Qc7 14. O-O a5 15. Ne1
Nb6 16. f4 Bd7 17. b3 f5 18. Nef3 Rae8 19. exf5 exf5 20. Bh4 Nac8 21. Rfe1 Kh8
22. Nf1 Rxe1 23. Bxe1 Na8 24. Bc3 Bxc3 25. Qxc3+ Kg8 26. Re1 b6 27. Ng5 Qd8 28.
Be2 Qf6 29. Qxf6 Rxf6 30. Bf3 Nc7 31. h4 h6 32. Nh3 Kf7 33. h5 Ne7 34. hxg6+
Nxg6 35. Bh5 Kf8 36. Ng3 Ne7 37. Kf2 Ne8 38. Bd1 Ng7 39. Ng1 Ng6 40. N1e2 Bc8
41. Rh1 Ne7 42. Nh5 Nxh5 43. Rxh5 Bd7 44. Ng3 Kg7 45. Bc2 Kf8 46. Rh1 Be8 47.
Re1 Bf7 48. Ne2 Kg7 49. Nc3 Ng6 50. g3 Kf8 51. Nb5 Ne7 52. Nc7 Nc8 53. Bd1 Na7
54. Rh1 Ke7 55. Bh5 Bxh5 56. Rxh5 Kd7 57. Ne6 Nc8 58. Kf3 Ne7 59. Rh1 Nc8 60.
g4 fxg4+ 61. Kxg4 Ne7 62. Kf3 Nf5 63. Rg1 Nh4+ 64. Ke4 Nf5 65. Rg8 h5 66. Rb8
h4 67. Rb7+ Kc8 68. Rc7+ Kb8 69. Rh7 Kc8 70. Kf3 Kb8 71. Kg4 Nd4 72. Nxd4 cxd4
73. Rxh4 Rg6+ 74. Kf3 Kc7 75. f5 Rf6 76. Rf4 Kd7 77. Ke4 Ke7 78. Rh4 Kd7 79.
Rh7+ Kc8 80. Kf4 Kb8 81. Kg5 Rf8 82. f6 Rg8+ 83. Rg7 Rf8 84. f7 Kc7 85. Kf6 Kd7
86. Rg8 1-0

[Event "XIII Konik Morski Rewala - Open B"]
[Site "Rewal"]
[Date "2008.08.26"]
[Round "6"]
[White "Zawada, Jozef"]
[Black "Dubrawska, Greta"]
[Result "1/2-1/2"]
[WhiteElo "1878"]
[BlackElo "1568"]
[PlyCount "51"]
[EventDate "2008.??.??"]

1. d4 Nf6 2. c4 d6 3. Nc3 g6 4. e4 Bg7 5. Be2 O-O 6. Bg5 Nbd7 7. Nf3 h6 8. Be3
Kh7 9. h3 e5 10. d5 b6 11. O-O a5 12. a3 Nc5 13. Qc2 Bd7 14. b4 axb4 15. axb4
Rxa1 16. Rxa1 Ncxe4 17. Nxe4 Nxe4 18. Qxe4 f5 19. Qc2 f4 20. Bc1 e4 21. Bb2
Bxb2 22. Qxb2 exf3 23. Bxf3 Qe7 24. Qc3 Re8 25. Rc1 Bf5 26. Qd4 1/2-1/2

[Event "XIII Konik Morski Rewala - Open B"]
[Site "Rewal"]
[Date "2008.08.26"]
[Round "6"]
[White "Sokolowski, Jakub"]
[Black "Szewczyk, Janusz"]
[Result "0-1"]
[WhiteElo "1619"]
[BlackElo "2048"]
[PlyCount "120"]
[EventDate "2008.??.??"]

1. e4 e5 2. Nf3 Nc6 3. Bb5 Nd4 4. Nxd4 exd4 5. d3 Bb4+ 6. Bd2 Qe7 7. O-O c6 8.
Bc4 b5 9. Bb3 a5 10. a3 Bd6 11. f4 Bc7 12. Qf3 d6 13. e5 d5 14. Kh1 Nh6 15. h3
O-O 16. Be1 Be6 17. Bf2 f6 18. Bh4 Nf5 19. exf6 gxf6 20. Bf2 Bb6 21. g4 Ne3 22.
Bxe3 dxe3 23. Re1 a4 24. Ba2 b4 25. f5 Bf7 26. Qf4 d4 27. Bxf7+ Rxf7 28. Nd2
bxa3 29. Nc4 axb2 30. Nxb2 Ba5 31. Rxa4 Qb7 32. Rb1 c5+ 33. Kg1 e2 34. Qe4 Re7
35. Qxb7 Rxb7 36. Raa1 Rxb2 37. Rxb2 e1=Q+ 38. Rxe1 Bxe1 39. Rb6 Ra1 40. Kg2
Kg7 41. Rb7+ Kh6 42. Rb6 Kg5 43. Rb7 h5 44. Rg7+ Kf4 45. gxh5 Ra8 46. h6 Rh8
47. h7 Kxf5 48. Rc7 Bb4 49. Kf3 Kg6 50. Kf4 Rxh7 51. Rxh7 Kxh7 52. Kf5 Kg7 53.
h4 Be1 54. h5 Bd2 55. Ke6 Kh6 56. Kxf6 Kxh5 57. Ke5 Kg5 58. Kd5 Bb4 59. Ke5 Kg4
60. Ke4 Kg3 0-1

[Event "XIII Konik Morski Rewala - Open B"]
[Site "Rewal"]
[Date "2008.08.26"]
[Round "6"]
[White "Turcheniac, Mariya"]
[Black "Paterek, Diana"]
[Result "1-0"]
[WhiteElo "2024"]
[BlackElo "1429"]
[PlyCount "101"]
[EventDate "2008.??.??"]

1. e4 c6 2. d4 d5 3. e5 Bf5 4. h4 h6 5. g4 Bd7 6. f4 c5 7. c3 Qb6 8. Bh3 Nc6 9.
Nf3 cxd4 10. cxd4 h5 11. g5 Bxh3 12. Rxh3 e6 13. a3 Nge7 14. Nc3 Nf5 15. Ne2
O-O-O 16. b4 Be7 17. Qd3 a6 18. Rb1 Na7 19. Ng3 Nxg3 20. Rxg3 Qb5 21. Nd2 Qxd3
22. Rxd3 Kb8 23. Nf1 Rc8 24. Kd2 Rc4 25. Ne3 Rc7 26. f5 g6 27. f6 Bd8 28. Bb2
Rf8 29. a4 b6 30. b5 Kb7 31. Ba3 Rg8 32. Bd6 Rc8 33. Rdb3 a5 34. Kd3 Rh8 35.
Rf1 Re8 36. Ng2 Bc7 37. Ba3 Bd8 38. Rc3 Rxc3+ 39. Kxc3 Bc7 40. Nf4 Rh8 41. Nxg6
Rg8 42. Nf4 Rh8 43. Rg1 Kc8 44. g6 Rg8 45. gxf7 Rxg1 46. f8=Q+ Kb7 47. Nxe6
Rg3+ 48. Kd2 Rg2+ 49. Ke3 Rg3+ 50. Kf2 Rxa3 51. Qxa3 1-0

[Event "XIII Konik Morski Rewala - Open B"]
[Site "Rewal"]
[Date "2008.08.27"]
[Round "7"]
[White "Wasik, Piotr"]
[Black "Kumor, Lukasz"]
[Result "0-1"]
[WhiteElo "1973"]
[BlackElo "2064"]
[PlyCount "70"]
[EventDate "2008.??.??"]

1. c4 e5 2. e3 g6 3. Qc2 Bg7 4. Nc3 d6 5. Nf3 Nc6 6. a3 a5 7. Be2 Nge7 8. O-O
O-O 9. Rb1 f5 10. d3 h6 11. b4 g5 12. b5 Nb8 13. Nd2 f4 14. Qd1 Nf5 15. Nde4
Nd7 16. g3 Ne7 17. Bg4 Nc5 18. exf4 gxf4 19. gxf4 exf4 20. Kh1 Bxg4 21. Qxg4
Nxd3 22. Rg1 Rf7 23. Qh3 Nxc1 24. Rbxc1 Nf5 25. Nd5 Qc8 26. Nxf4 Nd4 27. Qe3
Nf5 28. Qd3 Qd7 29. Nh5 Raf8 30. Rg6 c6 31. Rcg1 Kh8 32. Nxg7 Rxg7 33. Rxg7
Nxg7 34. Nf6 Rxf6 35. bxc6 Qxc6+ 0-1

[Event "XIII Konik Morski Rewala - Open B"]
[Site "Rewal"]
[Date "2008.08.27"]
[Round "7"]
[White "Czarnecki, Wojciech"]
[Black "Grochulski, Grzegorz"]
[Result "1/2-1/2"]
[WhiteElo "2056"]
[BlackElo "1856"]
[PlyCount "38"]
[EventDate "2008.??.??"]

1. Nf3 Nf6 2. g3 g6 3. Bg2 Bg7 4. O-O O-O 5. c4 c6 6. Nc3 d5 7. d4 dxc4 8. Ne5
Be6 9. e4 Nbd7 10. Qe2 Nxe5 11. dxe5 Nd7 12. f4 Nb6 13. Be3 Qc7 14. a4 a5 15.
Qf2 Nc8 16. Qe2 Nb6 17. Qf2 Nc8 18. Qe2 Nb6 19. Qf2 Nc8 1/2-1/2

[Event "XIII Konik Morski Rewala - Open B"]
[Site "Rewal"]
[Date "2008.08.27"]
[Round "7"]
[White "Trepkowski, Piotr"]
[Black "Czernicki, Bogdan"]
[Result "0-1"]
[WhiteElo "1932"]
[BlackElo "2032"]
[PlyCount "86"]
[EventDate "2008.??.??"]

1. e4 e6 2. d4 d5 3. exd5 exd5 4. Nf3 Bd6 5. Qe2+ Ne7 6. Nc3 c6 7. Be3 Qc7 8.
h3 b5 9. g4 b4 10. Na4 Ba6 11. Qd2 Bxf1 12. Rxf1 Nd7 13. O-O-O h6 14. Nh4 g5
15. Nf5 Nxf5 16. gxf5 Nf6 17. f3 O-O-O 18. Nc5 Rhe8 19. Kb1 a5 20. Qd3 Bxc5 21.
dxc5 Kb7 22. Qd4 Nh5 23. Qd2 Ng3 24. Rfe1 Nxf5 25. c3 bxc3 26. Qxc3 d4 27. Qb3+
Ka7 28. Bd2 Rxe1 29. Bxe1 Rd5 30. Qa3 Ne3 31. Bxa5 Qd7 32. Be1+ Kb7 33. Qb3+
Kc8 34. Bg3 Kd8 35. Qb8+ Ke7 36. Re1 Kf6 37. Qh8+ Kg6 38. Kc1 Rxc5+ 39. Kd2
Rc2+ 40. Kd3 Qf5+ 41. Kxd4 Rd2+ 42. Kc3 Rd3+ 43. Kb4 Qb5# 0-1

[Event "XIII Konik Morski Rewala - Open B"]
[Site "Rewal"]
[Date "2008.08.27"]
[Round "7"]
[White "Gluszko, Monika"]
[Black "Solnicki, Michal"]
[Result "0-1"]
[WhiteElo "1848"]
[BlackElo "2010"]
[PlyCount "148"]
[EventDate "2008.??.??"]

1. e4 c5 2. Nf3 d6 3. d4 cxd4 4. Nxd4 Nf6 5. Nc3 a6 6. Be2 e5 7. Nf3 Be7 8. O-O
O-O 9. Bg5 Nbd7 10. a4 h6 11. Bh4 b6 12. Bxf6 Nxf6 13. Qd3 Bb7 14. Rfd1 Qc7 15.
h3 Rfd8 16. Qe3 Rac8 17. Bd3 Nd7 18. Nd5 Bxd5 19. exd5 Qb7 20. Qe2 Ra8 21. b4
g6 22. g4 Rf8 23. Qe3 Kh7 24. g5 hxg5 25. Nxg5+ Kg7 26. Kh2 Rh8 27. Rg1 Nf8 28.
f4 exf4 29. Qxf4 Bf6 30. Rae1 Qxd5 31. Nf3 Rc8 32. Qg4 Rc7 33. Rg2 a5 34. b5
Re7 35. Rxe7 Bxe7 36. Qd4+ Qxd4 37. Nxd4 Nd7 38. Bc4 Ne5 39. Bd5 Kf8 40. Nc6
Rh4 41. Bb3 Ke8 42. Rg3 Rh5 43. Rc3 f5 44. Nxe7 Kxe7 45. Rc7+ Kf6 46. Rb7 Rg5
47. Bd5 f4 48. Rxb6 Ng4+ 49. hxg4 Rxd5 50. c4 Rd2+ 51. Kg1 Kg5 52. Rb8 Kxg4 53.
Rg8 g5 54. Rg7 Rb2 55. Rg6 Rb4 56. Rxd6 Kg3 57. Rd1 Rxc4 58. Rb1 Rc7 59. b6 Rb7
60. Rb3+ f3 61. Rb1 g4 62. Rb2 Kf4 63. Rb1 g3 64. Rb3 Kg4 65. Rb5 Kh3 66. Rh5+
Kg4 67. Rb5 Rd7 68. Rb1 Rb7 69. Rb5 Rh7 70. b7 f2+ 71. Kg2 Rh2+ 72. Kf1 Rh1+
73. Ke2 f1=Q+ 74. Ke3 Qf4+ 0-1

[Event "XIII Konik Morski Rewala - Open B"]
[Site "Rewal"]
[Date "2008.08.27"]
[Round "7"]
[White "Liberadzki, Slawomir"]
[Black "Hasinski, Krystian"]
[Result "1/2-1/2"]
[WhiteElo "1969"]
[BlackElo "1990"]
[PlyCount "114"]
[EventDate "2008.??.??"]

1. e4 g6 2. d4 Bg7 3. Be3 d6 4. Nd2 Nf6 5. Ngf3 Nbd7 6. Bd3 c5 7. c3 Ng4 8. O-O
Nxe3 9. fxe3 O-O 10. Qb3 Qb6 11. Qxb6 Nxb6 12. a4 a5 13. Bb5 h6 14. Nb3 cxd4
15. exd4 Nd7 16. Rae1 Nf6 17. e5 dxe5 18. Nxe5 Nd5 19. Nc5 e6 20. Rf2 Ra7 21.
Ncd7 Bxd7 22. Nxd7 Rd8 23. Ref1 Ne3 24. Re1 Nf5 25. Ref1 Nd6 26. Nb6 Nxb5 27.
axb5 f5 28. Re2 Kf7 29. Rfe1 Re8 30. Nd7 a4 31. Nc5 a3 32. b6 Raa8 33. bxa3
Rxa3 34. Nxe6 Rc8 35. Nxg7 Kxg7 36. Re7+ Kf6 37. h4 Rc6 38. Rxb7 Raxc3 39. Ree7
Rb3 40. Rf7+ Ke6 41. Rbe7+ Kd5 42. Rd7+ Ke4 43. b7 Rcb6 44. d5 Kf4 45. Kh2 Kg4
46. d6 Kxh4 47. Rf6 Kg5 48. Rdf7 Rxb7 49. d7 Rxd7 50. Rxg6+ Kxg6 51. Rxd7 Rb6
52. Rd8 Kg5 53. Ra8 h5 54. Ra7 h4 55. Ra8 Rh6 56. Kh3 Rg6 57. Rh8 Kf4 1/2-1/2

[Event "XIII Konik Morski Rewala - Open B"]
[Site "Rewal"]
[Date "2008.08.27"]
[Round "7"]
[White "Brudzinski, Maciej"]
[Black "Botor, Michal"]
[Result "0-1"]
[WhiteElo "2092"]
[BlackElo "1948"]
[PlyCount "126"]
[EventDate "2008.??.??"]

1. e4 c5 2. Bc4 e6 3. Qe2 Ne7 4. Nc3 Nbc6 5. Nf3 g6 6. e5 Bg7 7. Ne4 O-O 8.
Nf6+ Kh8 9. Ng5 Nxe5 10. Nfxh7 Nxc4 11. Qxc4 f6 12. Qh4 Kg8 13. Nxf8 fxg5 14.
Qh7+ Kxf8 15. d3 Kf7 16. Qh3 Nf5 17. Qf3 Qf6 18. c3 d5 19. Bxg5 Qxg5 20. g4 Bd7
21. gxf5 Qxf5 22. Qe2 Rh8 23. O-O-O c4 24. Kb1 Ba4 25. Rd2 Bh6 26. f4 Ke7 27.
b3 cxd3 28. Qf2 Bc6 29. Qd4 Rf8 30. Qc5+ Kd7 31. Kb2 Bxf4 32. Rdd1 Bd6 33. Qxa7
Qf2+ 34. Qxf2 Rxf2+ 35. Kb1 d2 36. Kc2 d4 37. Rhf1 Be4+ 38. Kb2 dxc3+ 39. Kxc3
Be5+ 40. Kc4 Rxf1 41. Rxd2+ Bd5+ 42. Kb5 Rh1 43. a4 Rxh2 44. Rd3 Bc7 45. b4 Ke7
46. a5 Bc6+ 47. Kc5 Rh5+ 48. Kd4 Rd5+ 49. Ke4 Rxd3+ 50. Kxd3 Bb5+ 51. Kd4 Ba6
52. Kc5 Bxa5 53. b5 Bxb5 54. Kd4 g5 55. Kc5 g4 56. Kxb5 g3 57. Kxa5 g2 58. Kb6
g1=Q+ 59. Kxb7 Qc5 60. Kb8 Kd7 61. Ka8 Qb4 62. Ka7 Kc7 63. Ka6 Qb6# 0-1

[Event "XIII Konik Morski Rewala - Open B"]
[Site "Rewal"]
[Date "2008.08.27"]
[Round "7"]
[White "Chojnacka, Magdalena"]
[Black "Skwarnicki, Adam"]
[Result "1/2-1/2"]
[WhiteElo "1876"]
[BlackElo "2053"]
[PlyCount "30"]
[EventDate "2008.??.??"]

1. e4 c5 2. Nf3 Nc6 3. d4 cxd4 4. Nxd4 e6 5. Be2 Nf6 6. Nxc6 bxc6 7. Nd2 Qc7 8.
O-O d5 9. exd5 exd5 10. Re1 Be7 11. Nf3 O-O 12. Bg5 h6 13. Bh4 Qb6 14. Bd3 Be6
15. Nd4 Bg4 1/2-1/2

[Event "XIII Konik Morski Rewala - Open B"]
[Site "Rewal"]
[Date "2008.08.27"]
[Round "7"]
[White "Gasiorek, Dariusz"]
[Black "Pienkos, Slawomir"]
[Result "0-1"]
[WhiteElo "1876"]
[BlackElo "2026"]
[PlyCount "86"]
[EventDate "2008.??.??"]

1. e4 g6 2. d4 Bg7 3. Be3 d6 4. Nc3 Nd7 5. Qd2 a6 6. O-O-O b5 7. h4 h5 8. f4
Nb6 9. Nf3 Bg4 10. Bd3 e6 11. f5 exf5 12. exf5 gxf5 13. Rde1 Ne7 14. g3 f6 15.
Bf4 O-O 16. Rhf1 Kh7 17. Nh2 Ng6 18. Be3 Re8 19. b3 Rxe3 20. Rxe3 Bh6 21. Bxf5
b4 22. Nxg4 hxg4 23. Nd1 Nd5 24. h5 Nxe3 25. hxg6+ Kg7 26. Nxe3 Qe7 27. Re1 Re8
28. Kb2 Bxe3 29. Qxb4 Bxd4+ 30. Qxd4 Qxe1 31. Qxg4 Qe5+ 32. Ka3 Qc3 33. Qa4 Re3
34. Qd7+ Kh6 35. Qh7+ Kg5 36. Bd7 Qxc2 37. g4 Qc1+ 38. Ka4 Re4+ 39. b4 c5 40.
Ka5 Rxb4 41. a4 Qb1 42. Be8 Qe4 43. Qd7 Qb7 0-1